Universo con figuras / (Registro nro. 30563)

Detalles MARC
000 -CABECERA
campo de control de longitud fija 01048nam a22002297a 4500
008 - CÓDIGOS DE INFORMACIÓN DE LONGITUD FIJA
fixed length control field 240212t2019 ck gr 001 pdspa d
020 ## - NÚMERO INTERNACIONAL NORMALIZADO PARA LIBROS
ISBN 9789584862877
037 ## - SOURCE OF ACQUISITION
Materials specified Donación
040 ## - Fuente de catalogación
Agencia original de catalogación CO-JMCR
Agencia de transcripción CO-JMCR
Agencia de modificación CO-JMCR
Convenciones de descripción rda
Lenguaje de catalogación spa
041 0# - CÓDIGO DE LENGUA
Código idioma spa
082 04 - NÚMERO DE LA CLASIFICACIÓN DECIMAL DEWEY
Número de clasificación Decimal A-P
Número de documento (Cutter) GOMu1
100 1# - PUNTO DE ACCESO PRINCIPAL-NOMBRE DE PERSONA
9 (RLIN) 43384
Nombre personal Gómez Nieto, Jaime,
Término de función/relación autor
245 10 - TÍTULO PROPIAMENTE DICHO
Título Universo con figuras /
Mención de responsabilidad, etc. Jaime Gómez Nieto
264 ## - PRODUCCION, PUBLICACION, DISTRIBUCION, COPYRIGHT
Lugar de producción, publicación, distribución, etc Bogotá :
Nombre del editor, productor, distribuidor, etc La Joven Parca ,
Fecha de producción, publicación, distribución, copyright ©2019
300 ## - DESCRIPCIÓN FÍSICA
Extensión 82 páginas ;
Dimensiones 22 cm.
500 ## - NOTA GENERAL
Nota general Incluye datos biográficos del autor en la solapa
505 0# - NOTA DE CONTENIDO FORMATADO
Nota de contenido formateada Viaje sin regreso -- Ultraje del viaje -- Salvación de la mañana -- Divertimiento del personaje -- Reunión de trabajo -- Sagrada realidad -- Poética a mi manera
520 3# - RESUMEN, ETC.
Resumen,etc. "La patria es el lenguaje". Tal convivvión le obliga a llevar sobre sus hombros el "confuso sonido de la época", mientras "el tiempo burlesco agoniza en los viejos relojes".
650 14 - TÉRMINO DE MATERIA
Subdivisión cronológica Siglo XX
9 (RLIN) 40443
650 24 - TÉRMINO DE MATERIA
Subdivisión cronológica Siglo XX
9 (RLIN) 8739
Existencias
Withdrawn status Lost status Source of classification or shelving scheme Damaged status Not for loan Home library Current library Shelving location Date acquired Source of acquisition Total Checkouts Full call number Barcode Date last seen Date last checked out Copy number Price effective from Koha item type
    Dewey Decimal Classification     Biblioteca Pública José María del Castillo y Rada Biblioteca Pública José María del Castillo y Rada Fiction 08/28/2023 Donación 1 A-P GOMu1 201812089 07/10/2024 07/10/2024 EJ.1 02/12/2024 Books